Equipe Nationale de Football par blason. #1 - Statistiques

Statistiques générales
  • Ce quiz a été pris 1 282 fois
  • Le résultat moyen est 11 sur 12
Statistiques - réponses
Par images Réponse % Correct
Italie
100%
Allemagne
99%
France
99%
Argentine
98%
Espagne
98%
Portugal
98%
Brésil
97%
Angleterre
96%
Cameroun
95%
Méxique
94%
Sénégal
90%
Japon
75%
Aucun quiz correspondant
Distribution des résultats
% des personnes avec chaque résultat
Percentile par nombre de réponses
Votre historique - résultats
Vous n’avez pas pris ce quiz